James mays map of the world Quiz Stats

 Plays Quiz not verified by Sporcle

Challenge
Share
Tweet
Embed
Score 0/63 Timer 10:00
0 Plays Today
real country's name country % Correct
russiachina
46.5%
greenlandcanada
35.6%
indonesia (large island)japan
32.7%
chinaindia
29.7%
colombiamexico
28.7%
uruguaywales
27.7%
yemanwales
27.7%
myanmar (formerly burma)wales
27.7%
moroccowales
27.7%
argentinabrazil
26.7%
icelandscotland
24.8%
madagascarireland
23.8%
Great britainbritain
22.8%
kazakhtanussr
22.8%
norwayfinland
21.8%
venezuelawest mexico
20.8%
libianigeria
19.8%
canadaalaska
18.8%
philippinesnew zealand
18.8%
finlandiceland
17.8%
dr congosouth africa
17.8%
francelazy communists
16.8%
brazilsouth mexico
16.8%
usaamericas
15.8%
germanyjerry
14.9%
perueast mexico
14.9%
south africakent
14.9%
ukrainesurrey
13.9%
pakistannorth korea
13.9%
indonesiaold zealand
13.9%
tanzaniasouth korea
13.9%
somaliaspare bit
13.9%
real country's name country % Correct
mauitaniabelgium
12.9%
mexicotexas
11.9%
namibiabotswana
11.9%
ethiopiaturkey
11.9%
sudannorth africa
11.9%
algeriakenya
11.9%
svalbard (part of russia)cant remember
10.9%
japanchannel islands
10.9%
north koreachannel islands
10.9%
south koreachannel islands
10.9%
alaskaspare bit of alaska
9.9%
swedenother finland
8.9%
australiaghastly
8.9%
spainswarthy
7.9%
chileargies
7.9%
turkeygreeks
7.9%
polandplucky
7.9%
mongoliamore ussr
7.9%
angolavery west mexico
7.9%
cote d'ivoiremalta
7.9%
indiahong kong
7.9%
botswanacyprus
6.9%
egypteast persia
6.9%
iransaudi irania
5.9%
saudi arabiawest persia
5.9%
nigerupper volta
5.9%
nigerialower volta
5.9%
caribbeancanaries
5%
chadportuguese guinea
5%
zambiaabyssinia
4%
malirhodetia
3%

You're not logged in!

Compare scores with friends on all Sporcle quizzes.
OR
Log In

You Might Also Like...

Show Comments

Extras

Created Oct 28, 2009ReportNominate
Tags:Country Quiz, World Quiz, map, May, same

Top Quizzes Today


Score Distribution

Your Account Isn't Verified!

In order to create a playlist on Sporcle, you need to verify the email address you used during registration. Go to your Sporcle Settings to finish the process.

Report this User

Report this user for behavior that violates our Community Guidelines.

Details: